أثر تقديم الخدمات المصرفية عبر الإنترنت على العمل المصرفي وتقديم الرقابة الأمنية على أنظمة المعلومات المحاسبية : دراسة استطلاعية على المصارف الأردنية = The effect of using the internet on banking operations and evaluating the security controls of computerized accounting information system (CAIS : an exploratory study on the Jordanian banking sector /
Saved in:
| Main Author: | |
|---|---|
| Other Authors: | |
| Format: | Thesis |
| Language: | Arabic |
| Published: |
al-Urdun :
Jami'at al-Yarmuk,
2005
|
| Subjects: | |
| Tags: |
Add Tag
No Tags, Be the first to tag this record!
|
| LEADER | 023250000a22003250004500 | ||
|---|---|---|---|
| 008 | 130424s2005 gz a f 000 0 ara d | ||
| 040 | |a UIAM |b eng | ||
| 041 | |a ara | ||
| 050 | 0 | 0 | |a HG1709 |
| 100 | 1 | |a أبو عكر، إناس فخري محمد | |
| 242 | 1 | 0 | |a Athar taqdim al-khidmat al-masrafiyah 'ibr al-intirnit 'ala al-'amal al-masrafi wa-taqyim al-riqabah al-amniyah 'ala anzimat al-ma'lumat al-muhasibiyah : |b dirasah istitla'iyah 'ala al-masarif al-Urduniyah = The effect of using the internet on banking operations and evaluating the security controls of computerized accounting informtion [sic] system (CAIS) : an exploratory study on the Jordanian banking sector |
| 245 | 1 | 0 | |a أثر تقديم الخدمات المصرفية عبر الإنترنت على العمل المصرفي وتقديم الرقابة الأمنية على أنظمة المعلومات المحاسبية : |b دراسة استطلاعية على المصارف الأردنية = The effect of using the internet on banking operations and evaluating the security controls of computerized accounting information system (CAIS : an exploratory study on the Jordanian banking sector / |c إناس فخري محمد أبو عكر |
| 260 | |a al-Urdun : |b Jami'at al-Yarmuk, |c 2005 | ||
| 300 | |a xv, 139 leaves : |b ill ; |c 30 cm. | ||
| 500 | |a Abstract in English and Arabic. | ||
| 500 | |a "رسالة مقدمة لنيل درجة الماجستير في المحاسبة " --On cover. | ||
| 502 | |a Thesis (M.A.)--Jami'at al-Yarmuk. | ||
| 504 | |a Includes bibliographical references (leaves 118-124). | ||
| 596 | |a 1 4 | ||
| 650 | 0 | 0 | |a Banks and banking |x Data processing |z Jordan |
| 650 | 0 | 0 | |a Banks and banking |z Jordan |
| 650 | 0 | 0 | |a Internet banking |z Jordan |
| 650 | 0 | 0 | |a Accounting |x Data processing |z Jordan |
| 655 | |a Theses, Facsimile edition (Islamic) | ||
| 700 | 1 | |a Abu 'Akr, Inas Fakhri Muhammad | |
| 900 | |a arf-his | ||
| 999 | |c 438836 |c 438836 |d 467264 |d 467264 | ||
| 999 | |c 438836 |c 438836 |d 467264 |d 467264 | ||
| 952 | |0 0 |6 TI HG 001709 A165A 2005 |7 0 |8 THESES |9 758015 |a IIUM |b IIUM |c MULTIMEDIA |g 250.00 |o ti HG 1709 A165A 2005 |p 00011271128 |r 2017-10-23 |t 1 |v 250.00 |y THESIS | ||
| 952 | |0 0 |6 TI HG 001709 A165A 2005 |7 0 |8 THESES |9 758016 |a IIiBFL |b IIiBFL |c CLOSEACCES |g 0.00 |o ti HG 1709 A165A 2005 |p 00011253429 |r 2017-11-08 |t 1 |v 0.00 |y THESIS | ||
